000 00908nam a2200241 a 4500
001 BRCA_856
005 20190320203159.0
008 921124s1991 mx-a---##b---#000-0#spa-#
020 _a968362149X
040 _aDLC
_cDLC
050 4 _aNA5250
_b.B37 1991
100 1 _aBargellini, Clara
_92612
245 1 0 _aLa arquitectura de la plata
_biglesias monumentales del centro-norte de México, 1640-1750
_cClara Bargellini.
260 _aMéxico
_bUNAM, Instituto de Investigaciones Estéticas
260 _aEspaña
_bTurner
_c1991
300 _a450 p.
_bil. (algunas a color)
_c24 cm.
500 _aIncluye índice onomástico y lista de ilustraciones
504 _aBibliografía: p. [423]-433
650 1 4 _aArquitectura religiosa
_zNorte de México
_92856
650 1 4 _aIglesias
_xDecoración y ornamentación
_zNorte de México
_92857
650 1 4 _aArquitectura colonial
_zNorte de México
_92858
942 _2lcc
_cB
999 _c751
_d751